| 000 | 00975nas a2200325 4500 | ||
|---|---|---|---|
| 001 | BR2014003702 | ||
| 003 | BR-BrBNA | ||
| 005 | 20231205124122.0 | ||
| 007 | ta | ||
| 008 | 230509b bl.|||p| |||| 00| 00por d | ||
| 040 |
_aBR-BrBNA _bpor _cBiblioteca Nacional de Agricultura |
||
| 041 | _a(Pt) | ||
| 072 | _aF30 | ||
| 100 | 1 | _aSilva, C.A. da | |
| 100 | 1 | _aCosta, P.R. | |
| 100 | 1 | _aDetoni, J.L. | |
| 100 | 1 | _aAlexandre, R.S. | |
| 100 | 1 | _aCruz, C.D. | |
| 100 | 1 | _aSchmidt, O. | |
| 100 | 1 | _aSchmidt, E.R. | |
| 245 | 1 | _aDivergência genética entre acessos de cajazinho (Spondias mombin L.)no norte do Espírito Santo | |
| 650 | _aCAJA | ||
| 650 | _aCOMPOSIÇÃO QUIMICA | ||
| 650 | _aPARAMETRO GENETICO | ||
| 650 | _aPROPRIEDADE FISICO-QUIMICA | ||
| 650 | _aMODELO MATEMATICO | ||
| 773 | 0 |
_tRevista Ceres (Brazil) _xISSN 0034-737X _g(May-Jun 2014), v. 61(3) p. 362-369 _wBR2014003702 |
|
| 909 |
_a202311 _bLúcia _c55 _dLúcia Elande |
||
| 942 |
_2AGRIS _n0 _cANA |
||
| 999 |
_c237393 _d237393 |
||